Sudden/ (Record no. 146744)

MARC details
000 -LEADER
fixed length control field 00706nam a22001937a 4500
008 - FIXED-LENGTH DATA ELEMENTS--GENERAL INFORMATION
fixed length control field 171020b xxu||||| |||| 00| 0 eng d
020 ## - INTERNATIONAL STANDARD BOOK NUMBER
International Standard Book Number 9789350096826
035 ## - SYSTEM CONTROL NUMBER
System control number B-680574
037 ## - SOURCE OF ACQUISITION
Source of stock number/acquisition Pansy Books
040 ## - CATALOGING SOURCE
Original cataloging agency dpl
Language of cataloging en
082 ## - DEWEY DECIMAL CLASSIFICATION NUMBER
Classification number N
100 ## - MAIN ENTRY--PERSONAL NAME
Personal name Strange, Oliver
245 ## - TITLE STATEMENT
Title Sudden/
Statement of responsibility, etc by Oliver Strange
260 ## - PUBLICATION, DISTRIBUTION, ETC. (IMPRINT)
Place of publication, distribution, etc Gurgaon
Name of publisher, distributor, etc Hachette Book Publishing
Date of publication, distribution, etc 2013
270 ## - ADDRESS
Address 4th &5th Floors, Corporate Centre, Plot No. 94, Sector44
City Gurgaon
Postal code 122003
300 ## - PHYSICAL DESCRIPTION
Extent 322p
Dimensions 18cm(pbk)
942 ## - ADDED ENTRY ELEMENTS (KOHA)
Source of classification or shelving scheme Dewey Decimal Classification
Item type English Books
Classification part N
Call number suffix STR
Holdings
Withdrawn status Lost status Source of classification or shelving scheme Damaged status Not for loan Collection code Home library Current library Date acquired Source of acquisition Cost, normal purchase price Total Checkouts Full call number Barcode Date last seen Copy number Cost, replacement price Koha item type
    Dewey Decimal Classification     Fiction Sarojini Nagar Sarojini Nagar 20/10/2017 Pansy Books/1664/25.8.17/DPL/ZLS/RP/2017-18/1/130/24.8.17/25.8.17 375.00   N STR B-680570 20/10/2017 1 375.00 English Books

© Delhi Public Library
Hit Counter
free hit counter